Renovación urbana Unidad vecinal 4, Ciudad Sandino
Presenta una propuesta de renovación urbana en la zona unidad vecinal 4 de acuerdo a los lineamientos del plan maestro de Desarrollo Urbano de Ciudad Sandino 2005 - 2025 con datos y criterios obtenidos del diagnóstico Urbano del Sector, muestra un diagnóstico urbano del sector que será sujeto de...
| Main Author: | |
|---|---|
| Other Authors: | |
| Format: | Tesis Section = Libro |
| Language: | Undetermined Spanish |
| Published: |
Managua
UNI
2006
|
| Subjects: |
| LEADER | 01230nam a2200241Ia 4500 | ||
|---|---|---|---|
| 008 | 240830s9999 xx 000 0 und d | ||
| 040 | |a BIBLIOTECA-RUSB/ Mon 711.4 P198 | ||
| 041 | |a spa | ||
| 082 | |a Mon 711.4 P198 | ||
| 100 | 1 | |a Pantoja Sánchez, Roberto Antonio | |
| 245 | 1 | 0 | |a Renovación urbana Unidad vecinal 4, Ciudad Sandino |
| 260 | |a Managua |b UNI |c 2006 | ||
| 300 | |a 319 p. :il. | ||
| 500 | |a Contiene: planos arquitectónicos. | ||
| 502 | |a Tesis (Arquitecto) - UNI, 2006. | ||
| 520 | 3 | |a Presenta una propuesta de renovación urbana en la zona unidad vecinal 4 de acuerdo a los lineamientos del plan maestro de Desarrollo Urbano de Ciudad Sandino 2005 - 2025 con datos y criterios obtenidos del diagnóstico Urbano del Sector, muestra un diagnóstico urbano del sector que será sujeto de intervención, enfatizando en sus limitantes y potencialidades, finalmente se analizan y se obtienen las variables de estudio urbano aplicadas en el modelo Análogo Nacional. | |
| 650 | 7 | |a URBANISMO - PLANIFICACIÓN DEL ESPACIO | |
| 650 | 7 | |b PLANIFICACIÓN URBANA | |
| 650 | 7 | |c ARQUITECTURA - DISEÑO Y PLANOS | |
| 700 | 1 | |a Tutor: |b González Jirón, Jorge Samuel | |
| 942 | |c BK |2 ddc | ||
| 991 | |a TESIS | ||
| 999 | |c 20953 | ||